00923nam a2200217 a 450000100100000000500170001000800410002702000150006804000250008310000470010824501220015526000470027730000210032449000390034550400320038450400730041671000450048983000480053495201060058299900170068800004132420230519124859.0130930s2000 sp 000 0 spa d a8400078632 aDO-SdBNPaspacBNPHU1 aBerenguer Sánchez, José Antonio96795510aEstudio sobre las partículas indoeuropeas con base consonántica y laringal /cJosé Antonio Berenguer Sánchez. aMadrid :bInstituto de Filología,c2000. a613 p. ;c24 cm.1 aManuales y anejos de Eméritav52 aBibliografía : p. 565-613 aIncluye referencias bibliográficas y notas al pie de las páginas2 aInstituto de Filología (Madrid)965419 0aManuales y anejos de Emérita ;n52967956 0010507-18MOaGRbGRcOId2013-09-30iLF1l0o p41324-10r2020-06-25w2020-06-25y1ZNo se presta c40814d40814